| 000 | 01334nam a22002537a 4500 | ||
|---|---|---|---|
| 005 | 2009021701021.0 | ||
| 008 | 090212t xxu||||| |||| 00| 0 eng d | ||
| 010 | _aTEL-4996 | ||
| 020 | _cRs.100.00 | ||
| 035 | _aTL-4003 | ||
| 037 | _bDBAD / PUB | ||
| 040 |
_adpl _bTelugu |
||
| 082 | _a616.6105 | ||
| 100 | _aవెంకటరావు, సి.యల్. | ||
| 245 |
_aకిడ్నీ కేర్ _c/ సి.యల్. వెంకటరావు _b:కిడ్నీ వ్యాధులు, జార్రత్తలు |
||
| 246 |
_aKidney care: kidney vyadulu, jaagrattalu _bC.L.Venkatarao |
||
| 260 |
_aహైదరాబాద్ _bనిహిల్ పబ్లికేషన్స్ _c2008 |
||
| 270 |
_aప్లాట్ నెం. 201, సెకండ్ ప్లోర్, యస్.యస్.ప్రశాంతి రెసిడెన్సి, ఎల్లారెడ్డి గూడ _bహైదరాబాద్ _e500073 |
||
| 300 |
_a223పే. _c23 సె.మీ. |
||
| 650 |
_aమూత్రపిండాల _x వ్యాధులు |
||
| 650 |
_a Kidneys _xDiseases |
||
| 942 |
_2ddc _cTL _h616.6105 _m/VEN |
||
| 999 |
_c23919 _d23919 |
||